Periodic Table Elements Beginning With A - Statistics

General Stats
  • This quiz has been taken 360 times
  • The average score is 6 of 7
Answer Stats
Element % Correct
Argon
89%
Arsenic
88%
Aluminium
87%
Astatine
74%
Americium
73%
Antimony
73%
Actinium
68%
No matching quizzes found
Score Distribution
Percent of People with Each Score
Percentile by Number Answered
Your Score History
You have not taken this quiz